Nhiệt động hóa học : Bộ sách giáo trình hóa lý

Nội dung giới thiệu một số khái niệm nhiệt động hóa học, định luật Hess, chiều dài và giới hạn của quá trình, cân bằng hóa học, lí thuyết cơ bản về cân bằng pham cân bằng pha trong hệ một cấu tử.......

Celý popis

Uloženo v:
Podrobná bibliografie
Hlavní autor: Đào, Văn Lượng
Médium: Kniha
Jazyk:Undetermined
Vydáno: Hà Nội Khoa học và Kỹ thuật 2000
Témata:
Tagy: Přidat tag
Žádné tagy, Buďte první, kdo otaguje tento záznam!
Thư viện lưu trữ: Trung tâm Học liệu Trường Đại học Cần Thơ
LEADER 00990nam a2200217Ia 4500
001 CTU_37104
008 210402s9999 xx 000 0 und d
020 |b 33.000đ 
082 |a 541.369 
082 |b L561 
100 |a Đào, Văn Lượng 
245 0 |a Nhiệt động hóa học : 
245 0 |b Bộ sách giáo trình hóa lý 
245 0 |c Đào Văn Lượng 
260 |a Hà Nội 
260 |b Khoa học và Kỹ thuật 
260 |c 2000 
520 |a Nội dung giới thiệu một số khái niệm nhiệt động hóa học, định luật Hess, chiều dài và giới hạn của quá trình, cân bằng hóa học, lí thuyết cơ bản về cân bằng pham cân bằng pha trong hệ một cấu tử.... 
650 |a Chemistry,physical and theoretical,Thermodynamics 
904 |i Nguyễn Quang Điền, 000614 
980 |a Trung tâm Học liệu Trường Đại học Cần Thơ